00454nam a2200133Ia 450000500170000000800410001702000180005808200130007610000190008924500610010826000560016930000130022550000820023820250613034627.0240331s9999 xx 000 0 und d a9789555050500 bSENa322 aSenevirathne,S 0aNagenahira mudaganeema :bMavilaru sita Thoppigala dakva aNarahenpitabHoganji Graphics Private Limitedc2008 a244 p ., aThe Fourth Eelam war: Liberation of the East ( from Mavil Aru to Thoppigala)